| 000 | 01417naa a22003377a 4500 | ||
|---|---|---|---|
| 001 | BR8708335 | ||
| 003 | BR-BrBNA | ||
| 005 | 20250721154541.0 | ||
| 007 | ta | ||
| 008 | 250630b bl.|||m| |||| 00| 0 por d | ||
| 040 |
_aBR-BrBNA _bpor _cBiblioteca Nacional de Agricultura |
||
| 041 | _a(Pt) | ||
| 072 |
_aF30 _b0120 |
||
| 090 | _aF30 BR8708335 | ||
| 100 | 1 | _aSawazaki, E. | |
| 100 | 1 | _aGallo, P.B. | |
| 100 | 1 | _aSordi, G. de | |
| 100 | 1 | _aLongo, L.S. | |
| 111 | 1 |
_a15. Congresso Nacional de Pesquisa de Milho e Sorgo _cMaceio, AL (Brazil) _d2 Jul 1986 |
|
| 245 | 1 | _aEstudo da capacidade de expansao em cruzamentos dialelicos entre variedades de milho pipoca | |
| 246 | 1 | _aStudy of popping expansion in variety diallel crosses of popcorn | |
| 246 | 1 | _a[Annals of the 15th Maize and Sorghum National Congress] | |
| 500 | _aAnais do 15. Congresso Nacional de Milho e Sorgo Brasilia, DF (Brasil): Empresa Brasileira de Pesquisa Agropecuaria. Departamento de Difusao de Tecnologia, 1986. p. 157-160 [Summaries (En, Pt)] (BR8708335-AMS) | ||
| 773 | 0 |
_tAnais do 15. Congresso Nacional de Milho e Sorgo _wF30 BR8708335 _gBrasilia, DF (Brasil), 1986. p. 157-160 |
|
| 650 | _aMILHO PIPOCA | ||
| 650 | _aVARIEDADE | ||
| 650 | _aCRUZAMENTO DIALELICO | ||
| 490 |
_aDocumentos - Centro Nacional de Pesquisa de Milho e Sorgo (Brazil) _vno. 5 |
||
| 942 |
_cAMS _2AGRIS |
||
| 909 |
_a202506 _bLúcia _c55 _dLúcia Elande |
||
| 999 |
_c335577 _d335577 |
||